[Event "65. BEM 2011"]
[Site "Dortmund"]
[Date "2011.02.22"]
[Round "8.21"]
[White "Da Costa-Hoppe, Andreas"]
[Black "Riepe, Markus"]
[Result "1/2-1/2"]
[WhiteElo "1040"]
[BlackElo "839"]
[PlyCount "63"]
[EventDate "2011.??.??"]
[Source "SG Dortmund"]
[SourceDate "2004.12.16"]

1. e4 e6 2. Nf3 d5 3. exd5 exd5 4. d4 Nf6 5. Bg5 c5 6. Bb5+ Nc6 7. Ne5 Qa5+ 8.
Nc3 Bd7 9. Nxc6 bxc6 10. Ba4 Qb4 11. Bb3 Qxd4 12. Qxd4 cxd4 13. Ne2 Bb4+ 14. c3
dxc3 15. bxc3 Be7 16. f3 Bf5 17. Rd1 Bc5 18. Ba4 Bd7 19. Nd4 Rc8 20. Kf2 O-O
21. Rhe1 Rfe8 22. Rb1 Rxe1 23. Rxe1 Re8 24. g4 Bxd4+ 25. cxd4 Rxe1 26. Kxe1 Ne8
27. Bf4 h6 28. h4 f6 29. Kd2 g5 30. hxg5 hxg5 31. Bg3 Ng7 32. Bd6 {(=)} 1/2-1/2

[Event "65. BEM 2011"]
[Site "Dortmund"]
[Date "2011.02.22"]
[Round "8.22"]
[White "Skoecz, Horst"]
[Black "Da Costa, Pablo"]
[Result "1-0"]
[WhiteElo "1250"]
[BlackElo "1083"]
[PlyCount "81"]
[EventDate "2011.??.??"]
[Source "SG Dortmund"]
[SourceDate "2004.12.16"]

1. e4 e5 2. Nf3 Nf6 3. Nxe5 Qe7 4. d4 d6 5. Nd3 Nxe4 6. Qe2 d5 7. Nf4 c6 8. Nd3
Bf5 9. c3 Nd7 10. Nd2 Qe6 11. f3 Nxd2 12. Qxe6+ fxe6 13. Bxd2 c5 14. g4 Bxd3
15. Bxd3 Bd6 16. Bb5 Rf8 17. Ke2 a6 18. Bd3 h6 19. h4 cxd4 20. cxd4 e5 21. dxe5
Nxe5 22. Bf5 Ke7 23. Bc3 g6 24. Bxe5 gxf5 25. Bg7 Rg8 26. Bxh6 fxg4 27. Bg5+
Kd7 28. fxg4 Be5 29. Rhf1 Rae8 30. Rf7+ Kc6 31. Kd3 b5 32. Rc1+ Kd6 33. Rcc7
Ke6 34. Rce7+ Rxe7 35. Rxe7+ Kd6 36. b4 Rf8 (36... Rxg5 $1 $19 {- J. Beckers})
37. Ke2 Bf4 38. Rh7 Bxg5 39. hxg5 Re8+ 40. Kd3 Re6 41. Rh6 1-0

[Event "65. BEM 2011"]
[Site "Dortmund"]
[Date "2011.02.22"]
[Round "8.23"]
[White "Krüger, Inge"]
[Black "Rabe, Mark"]
[Result "1-0"]
[WhiteElo "1246"]
[BlackElo "998"]
[PlyCount "70"]
[EventDate "2011.??.??"]
[Source "SG Dortmund"]
[SourceDate "2004.12.16"]

1. d4 e6 2. c4 c5 3. e3 cxd4 4. exd4 Be7 5. Nf3 d5 6. cxd5 Qxd5 7. Nc3 Qd8 8.
Be2 Nf6 9. O-O O-O 10. Qc2 b6 11. a3 Qc7 12. Qb3 Bb7 13. Nb5 Qd8 14. Bf4 Bd5
15. Bc4 Nc6 16. Bxd5 Nxd5 17. Bd2 a6 18. Nc3 Na5 19. Qa2 Rc8 20. Nxd5 Qxd5 21.
Qxd5 exd5 22. Rac1 Nb3 23. Rxc8 Rxc8 24. Bc3 Bd6 25. Re1 Rd8 26. g3 f6 27. Nh4
g6 28. Ng2 Kf7 29. Ne3 Re8 30. Kf1 a5 31. Nxd5 b5 32. Rxe8 Kxe8 33. Nxf6+ Kf7
34. Ne4 Bc7 35. Nc5 Ke7 1-0

[Event "65. BEM 2011"]
[Site "Dortmund"]
[Date "2011.02.22"]
[Round "8.24"]
[White "Reker, Gerhard"]
[Black "Wilkins, Petra"]
[Result "0-1"]
[WhiteElo "724"]
[BlackElo "778"]
[PlyCount "40"]
[EventDate "2011.??.??"]
[Source "SG Dortmund"]
[SourceDate "2004.12.16"]

1. e4 e5 2. Nc3 Nf6 3. d3 Nc6 4. Nf3 g6 5. Bg5 Bg7 6. Be2 d6 7. O-O Qd7 8. Nd5
Nxd5 9. exd5 Ne7 10. c4 f6 11. Bd2 O-O 12. b3 Nf5 13. a4 c6 14. dxc6 bxc6 15.
Bb4 c5 16. Ba3 Bb7 17. Nh4 Nxh4 18. Bf3 Bxf3 19. gxf3 Qh3 20. Kh1 Qg2# 0-1

[Event "65. BEM 2011"]
[Site "Dortmund"]
[Date "2011.02.24"]
[Round "9.1"]
[White "Zachos, Ingo"]
[Black "Kohlweyer, Bernd"]
[Result "0-1"]
[WhiteElo "1999"]
[BlackElo "2459"]
[PlyCount "78"]
[EventDate "2011.??.??"]
[Source "SG Dortmund"]
[SourceDate "2004.12.16"]

1. e4 c5 2. Nc3 Nc6 3. g3 g6 4. Bg2 Bg7 5. d3 d6 6. Nh3 e6 7. Be3 Rb8 8. O-O b5
9. Qd2 b4 10. Nd1 a5 11. f4 Nge7 12. e5 O-O 13. Qf2 Nd5 14. exd6 Nxe3 15. Nxe3
Qxd6 16. Nc4 Qc7 17. Kh1 Bd4 18. Qd2 Ba6 19. c3 bxc3 20. bxc3 Bg7 21. Nf2 Rfd8
22. Qc2 Ne7 23. Rae1 Bxc4 24. dxc4 a4 25. Ne4 Qa5 26. Rb1 Nf5 27. Qf2 Bxc3 28.
Qxc5 Qxc5 29. Nxc5 Ne3 30. Rfc1 Bb2 31. Re1 Nxg2 32. Kxg2 a3 33. Re2 Rb4 34.
Re4 Rc8 35. Nd3 Rbxc4 36. Re2 Rc2 37. Rbe1 Bd4 38. Nb4 R2c4 39. Rb1 Rb8 0-1

[Event "65. BEM 2011"]
[Site "Dortmund"]
[Date "2011.02.24"]
[Round "9.2"]
[White "Kropp, Andreas"]
[Black "Brockmann, Michael"]
[Result "0-1"]
[WhiteElo "1951"]
[BlackElo "2062"]
[PlyCount "72"]
[EventDate "2011.??.??"]
[Source "SG Dortmund"]
[SourceDate "2004.12.16"]

1. e4 c5 2. Nf3 g6 3. d4 cxd4 4. Nxd4 Bg7 5. c4 Nc6 6. Be3 Nf6 7. f3 O-O 8. Nc3
a6 9. Be2 Rb8 10. Qd2 Qa5 11. Nb3 Qh5 12. h4 d6 13. Bg5 h6 14. g4 Nxg4 15. fxg4
Bxg4 16. Bxg4 Qxg4 17. Bf4 Ne5 18. Bxe5 Bxe5 19. Qe2 Qg3+ 20. Kd2 b5 21. cxb5
axb5 22. Nd5 Bxb2 23. Nxe7+ Kh7 24. Raf1 Ra8 25. Rf3 Qe5 26. Nc6 Qg7 27. Qxb5
Rxa2 28. Ke3 Rc8 29. Kf4 g5+ 30. Kg3 Be5+ 31. Nxe5 gxh4+ 32. Kxh4 Qg5+ 33. Kh3
Qg2+ 34. Kh4 Qxh1+ 35. Rh3 Qxe4+ 36. Ng4 Qe7+ 0-1

[Event "65. BEM 2011"]
[Site "Dortmund"]
[Date "2011.02.24"]
[Round "9.3"]
[White "Begna, Bozidar"]
[Black "Grube, Jörg"]
[Result "1-0"]
[WhiteElo "1932"]
[BlackElo "1853"]
[PlyCount "49"]
[EventDate "2011.??.??"]
[Source "SG Dortmund"]
[SourceDate "2004.12.16"]

1. e4 e5 2. Nf3 Nf6 3. Nxe5 d6 4. Nf3 Nxe4 5. Qe2 Qe7 6. d3 Nf6 7. Bg5 Qxe2+ 8.
Bxe2 Nc6 9. Nc3 Be6 10. d4 d5 11. O-O-O Be7 12. Nb5 Ne4 13. Nxc7+ Kd7 14. Bxe7
Nxf2 15. Nxe6 Nxh1 16. Bh4 fxe6 17. Rxh1 Raf8 18. Bg3 Rf7 19. Bb5 Kc8 20. Re1
Rf6 21. c3 h5 22. Bd3 a6 23. Bh4 Rf4 24. Rxe6 Rhf8 25. Rg6 1-0

[Event "65. BEM 2011"]
[Site "Dortmund"]
[Date "2011.02.24"]
[Round "9.4"]
[White "Büchle, Manfred"]
[Black "Zelt, Jens"]
[Result "1/2-1/2"]
[WhiteElo "1853"]
[BlackElo "2013"]
[PlyCount "61"]
[EventDate "2011.??.??"]
[Source "SG Dortmund"]
[SourceDate "2004.12.16"]

1. e4 c5 2. Nf3 d6 3. d4 cxd4 4. Nxd4 Nf6 5. Nc3 a6 6. Be2 g6 7. Be3 Nbd7 8.
Nb3 b5 9. a3 Bb7 10. f3 Rc8 11. O-O Bg7 12. Qe1 O-O 13. Qf2 Qc7 14. Rad1 Nc5
15. Nxc5 dxc5 16. Rd2 b4 17. axb4 cxb4 18. Na4 Nd7 19. Rfd1 Bc6 20. Nb6 Nxb6
21. Bxb6 Qb7 22. Bd4 Bxd4 23. Qxd4 a5 24. b3 a4 25. bxa4 Bxa4 26. Bc4 e6 27.
Ra1 Ra8 28. Bb3 Bxb3 29. cxb3 Rxa1+ 30. Qxa1 h5 31. Qa5 1/2-1/2

[Event "65. BEM 2011"]
[Site "Dortmund"]
[Date "2011.02.24"]
[Round "9.5"]
[White "Dreier, Daniel"]
[Black "Schiefelbusch, Dirk"]
[Result "0-1"]
[WhiteElo "1841"]
[BlackElo "2070"]
[PlyCount "120"]
[EventDate "2011.??.??"]
[Source "SG Dortmund"]
[SourceDate "2004.12.16"]

1. d4 d5 2. Nf3 Nf6 3. c4 c6 4. g3 Bf5 5. Bg2 e6 6. Nc3 Bd6 7. O-O O-O 8. Nh4
Bg4 9. Qc2 Nbd7 10. f3 Bh5 11. e4 e5 12. Nf5 Bc7 13. dxe5 Nxe5 14. cxd5 cxd5
15. Bg5 dxe4 16. Rad1 Bb6+ 17. Kh1 Qc7 18. Bxf6 gxf6 19. Qxe4 Qc4 20. Ne7+ Kh8
21. Qf5 Qe6 22. Qxh5 Qxe7 23. Nd5 Qe6 24. Rfe1 Rad8 25. Bh3 Qc6 26. Rxe5 fxe5
27. Bf5 h6 28. Be4 Qe6 29. g4 Rd6 30. Bf5 Qe8 31. h4 Rg8 32. g5 Bd8 33. g6
Rdxg6 34. Bxg6 Rxg6 35. Re1 Bf6 36. Qf5 Qa4 37. Qe4 Qd7 38. Kh2 Bg7 39. Rc1 Rc6
40. Rxc6 bxc6 41. Ne3 Qd2+ 42. Kh3 Qxb2 43. Qxc6 Qxa2 44. Nc4 Kg8 45. Qc8+ Bf8
46. Kg3 Qc2 47. h5 Qc3 48. Qg4+ Kh8 49. Qc8 Qe1+ 50. Kg2 Qe2+ 51. Kg3 Qe1+ 52.
Kg2 Qb4 53. Nxe5 Qe7 54. Ng4 Qc5 55. Qe8 Kg7 56. Qb8 Qxh5 57. Qb2+ Kg6 58. Qf6+
Kh7 59. Qa6 Qg6 60. Qc8 Bg7 0-1

[Event "65. BEM 2011"]
[Site "Dortmund"]
[Date "2011.02.24"]
[Round "9.6"]
[White "Benke, Werner"]
[Black "Hellwig, Thomas"]
[Result "1-0"]
[WhiteElo "1543"]
[BlackElo "1886"]
[PlyCount "47"]
[EventDate "2011.??.??"]
[Source "SG Dortmund"]
[SourceDate "2004.12.16"]

1. d4 Nf6 2. Nf3 g6 3. g3 Bg7 4. Bg2 c5 5. e3 O-O 6. O-O d5 7. Nbd2 Nc6 8. c4
cxd4 9. Nxd4 e5 10. cxd5 Nxd5 11. Nxc6 bxc6 12. e4 Nb6 13. b3 Ba6 14. Re1 Qd4
15. Ba3 Rfd8 16. Nf1 Bh6 17. Qc2 Bd3 18. Qc5 Bf8 19. Qxd4 exd4 20. Bxf8 Kxf8
21. e5 Rac8 22. e6 fxe6 23. Rxe6 c5 24. Rae1 {Der Rest der Partie - sie
dauerte knapp 100 Zuege - ist nicht rekonstruierbar ...} 1-0

[Event "65. BEM 2011"]
[Site "Dortmund"]
[Date "2011.02.24"]
[Round "9.7"]
[White "Ziemek, Gerhard"]
[Black "Schütte, Tobias"]
[Result "0-1"]
[WhiteElo "1638"]
[BlackElo "1897"]
[PlyCount "60"]
[EventDate "2011.??.??"]
[Source "SG Dortmund"]
[SourceDate "2004.12.16"]

1. d4 Nf6 2. Nc3 d5 3. f3 c5 4. e3 e6 5. Nge2 Nc6 6. Bd2 Bd7 7. a4 cxd4 8. exd4
Bd6 9. Bg5 Ne7 10. Bxf6 gxf6 11. Qd2 a6 12. Nf4 h5 13. Bd3 Qc7 14. Nfe2 Ng6 15.
g3 h4 16. Rg1 O-O-O 17. O-O-O Ne7 18. Qe3 Qa5 19. b3 Ba3+ 20. Kb1 b5 21. axb5
axb5 22. Qd2 Bb4 23. Qc1 Bxc3 24. Nxc3 Qxc3 25. Qa3 Nc6 26. Bxb5 hxg3 27. Rd3
Qb4 28. Ba6+ Kc7 29. Qxb4 Nxb4 30. Rc3+ Kd6 0-1

[Event "65. BEM 2011"]
[Site "Dortmund"]
[Date "2011.02.24"]
[Round "9.8"]
[White "Simon, Thomas"]
[Black "Dite, Alexander"]
[Result "1/2-1/2"]
[WhiteElo "1870"]
[BlackElo "1593"]
[PlyCount "102"]
[EventDate "2011.??.??"]
[Source "SG Dortmund"]
[SourceDate "2004.12.16"]

1. Nf3 d5 2. c4 e6 3. g3 Nf6 4. Bg2 Be7 5. b3 O-O 6. Bb2 b6 7. O-O Bb7 8. d4 c5
9. cxd5 Nxd5 10. Nc3 Nxc3 11. Bxc3 Nc6 12. dxc5 Bxc5 13. Ne5 Qc7 14. Qd7 Rac8
15. Rfd1 Nxe5 16. Qxc7 Rxc7 17. Bxe5 Re7 18. a3 Bxg2 19. Kxg2 f6 20. Bb2 a5 21.
Rac1 Rc8 22. Bd4 Rd7 23. b4 axb4 24. axb4 Rcd8 25. bxc5 bxc5 26. Rxc5 Rxd4 27.
Rxd4 Rxd4 28. Rc7 h5 29. h4 Kh7 30. Kf3 Kg6 31. e3 Rb4 32. Re7 e5 33. Rd7 Ra4
34. e4 Ra3+ 35. Ke2 Ra2+ 36. Ke3 Ra3+ 37. Rd3 Ra2 38. Kf3 Ra4 39. Ke3 Ra2 40.
f4 exf4+ 41. gxf4 Rh2 42. f5+ Kh7 43. Kd4 Rxh4 44. Kd5 Rg4 45. e5 fxe5 46. Kxe5
Kh6 47. Rd6+ Kg5 48. Rg6+ Kh4 49. Ke6 Kg3 (49... Rxg6+ $1 50. fxg6 Kg5 51. Kf7
Kh6 $19) 50. Kf7 h4 51. Rxg7 Rxg7+ 1/2-1/2

[Event "65. BEM 2011"]
[Site "Dortmund"]
[Date "2011.02.24"]
[Round "9.9"]
[White "Vojdani, Bahram"]
[Black "Sonntag, Joachim"]
[Result "1/2-1/2"]
[WhiteElo "1596"]
[BlackElo "1826"]
[PlyCount "110"]
[EventDate "2011.??.??"]
[Source "SG Dortmund"]
[SourceDate "2004.12.16"]

1. g3 c5 2. Bg2 Nc6 3. Nf3 d5 4. d3 Nf6 5. O-O e5 6. Nbd2 Be7 7. e4 O-O 8. Re1
dxe4 9. dxe4 Be6 10. b3 Qc7 11. c3 Rad8 12. Qe2 Qd6 13. Bf1 Nd7 14. Nc4 Qc7 15.
Ng5 Bxg5 16. Bxg5 f6 17. Be3 Na5 18. Nb2 b6 19. Red1 f5 20. Bh3 Qc6 21. exf5
Bd5 22. Rd2 Bf3 23. Qf1 Qf6 24. b4 cxb4 25. cxb4 Nc6 26. Qc4+ Rf7 27. Qe6 Nf8
28. Qxf6 Rxf6 29. Rxd8 Nxd8 30. Bg5 Rd6 31. Nc4 Rd4 32. Nxe5 Be4 33. Bxd8 Rxd8
34. f3 Bb7 35. Bf1 Rd4 36. Bc4+ Bd5 37. Bxd5+ Rxd5 38. f4 Rd2 39. a3 h5 40. Nc6
a6 41. Nb8 a5 42. Nc6 Rd6 43. Rc1 axb4 44. Nxb4 Kf7 45. Rc6 Rd1+ 46. Kg2 Nd7
47. Kh3 Rd2 48. Rc2 Rd6 49. Kh4 Nf6 50. Rc7+ Kg8 51. Rc6 Rd2 52. h3 b5 53. Re6
Rb2 54. Re3 Rb1 55. Kg5 Kh7 {
nebst Remis nach einigen nicht mehr notierten Zuegen ...} 1/2-1/2

[Event "65. BEM 2011"]
[Site "Dortmund"]
[Date "2011.02.24"]
[Round "9.10"]
[White "Hoppe, Dirk"]
[Black "Raskin, Vitali"]
[Result "0-1"]
[WhiteElo "1815"]
[BlackElo "1749"]
[PlyCount "58"]
[EventDate "2011.??.??"]
[Source "SG Dortmund"]
[SourceDate "2004.12.16"]

1. e4 c5 2. d4 cxd4 3. c3 dxc3 4. Nxc3 Nc6 5. Nf3 d6 6. Bc4 e6 7. Qe2 Be7 8.
Be3 Nf6 9. h3 h6 10. O-O O-O 11. Rfd1 Qa5 12. a3 Qh5 13. Rac1 Ne5 14. Nxe5 Qxe2
15. Bxe2 dxe5 16. f3 a6 17. Na4 b5 18. Nb6 Rb8 19. Rc7 Bd8 20. Rc6 Bb7 21. Rcd6
Bc7 22. R6d2 Bc6 23. Nd7 Nxd7 24. Rxd7 Bxd7 25. Rxd7 Bb6 26. Kf2 Bxe3+ 27. Kxe3
Rfd8 28. Ra7 Rd6 29. b3 Rc8 0-1

[Event "65. BEM 2011"]
[Site "Dortmund"]
[Date "2011.02.24"]
[Round "9.11"]
[White "Horenburg, Oliver"]
[Black "Gegner, Michael"]
[Result "1-0"]
[WhiteElo "1785"]
[BlackElo "1567"]
[PlyCount "65"]
[EventDate "2011.??.??"]
[Source "SG Dortmund"]
[SourceDate "2004.12.16"]

1. d4 h6 2. e3 g5 3. Bd3 Bg7 4. Nd2 e5 5. dxe5 Bxe5 6. Ngf3 Bg7 7. Nb3 d6 8. h3
Nc6 9. c3 Nge7 10. Qc2 Ne5 11. Nxe5 dxe5 12. Bd2 a5 13. Rd1 b6 14. Be4 c6 15.
c4 Qc7 16. Bc3 Be6 17. Nd2 h5 18. b3 f5 19. Bf3 Ng6 20. Ba1 Nh4 21. g3 Nxf3+
22. Nxf3 g4 23. hxg4 hxg4 24. Nh4 Rh5 25. Ke2 Kf7 26. Qd3 Bf8 27. e4 f4 28.
gxf4 Be7 29. Bxe5 Qd8 30. Qc3 Qg8 31. Nf5 Qh7 32. Rxh5 Qxh5 33. Ng3 1-0

[Event "65. BEM 2011"]
[Site "Dortmund"]
[Date "2011.02.24"]
[Round "9.12"]
[White "Stukemeier, Ralf"]
[Black "Gerke, Dieter"]
[Result "1-0"]
[WhiteElo "1779"]
[BlackElo "1442"]
[PlyCount "49"]
[EventDate "2011.??.??"]
[Source "SG Dortmund"]
[SourceDate "2004.12.16"]

1. e4 c5 2. Nf3 Nc6 3. d4 cxd4 4. Nxd4 a6 5. c4 Nf6 6. Nc3 e6 7. Be2 Bb4 8.
Nxc6 bxc6 9. e5 Ne4 10. O-O Bxc3 11. bxc3 Qa5 12. Bd3 Nc5 13. Bf4 Qxc3 14. Be2
Nb7 15. Rb1 Qa3 16. Qd2 O-O 17. Rb3 Qa5 18. Qc2 f6 19. Rg3 d5 20. Bh6 Rf7 21.
Bh5 fxe5 22. Bxf7+ Kxf7 23. Rxg7+ Kf6 24. Qxh7 e4 25. Bf4 1-0

[Event "65. BEM 2011"]
[Site "Dortmund"]
[Date "2011.02.24"]
[Round "9.13"]
[White "Schulz-Runge, Michael"]
[Black "Tekin, Baran"]
[Result "1-0"]
[WhiteElo "1766"]
[BlackElo "1481"]
[PlyCount "51"]
[EventDate "2011.??.??"]
[Source "SG Dortmund"]
[SourceDate "2004.12.16"]

1. e4 d6 2. f4 g6 3. Bc4 Bg7 4. d4 Nf6 5. Nc3 c5 6. dxc5 Qa5 7. e5 dxe5 8. fxe5
Ne4 9. Qd5 Nxc3 10. Qxf7+ Kd8 11. Bd2 Bxe5 12. Rd1 Bd7 13. bxc3 Bxc3 14. Ne2
Bxd2+ 15. Rxd2 Qxc5 {(=)} 16. Qg7 Qxc4 17. Qxh8+ Kc7 18. Qe5+ Kc8 19. O-O Nc6
20. Rf8+ Nd8 21. Qxe7 Qc7 22. Rd6 a5 23. Nd4 b5 24. Ne6 Bxe6 25. Qxe6+ Kb7 26.
Qd5+ 1-0

[Event "65. BEM 2011"]
[Site "Dortmund"]
[Date "2011.02.24"]
[Round "9.14"]
[White "Raabe, Hans-Ulrich"]
[Black "Jähnicke, Karl-Heinz"]
[Result "0-1"]
[WhiteElo "1468"]
[BlackElo "1694"]
[PlyCount "116"]
[EventDate "2011.??.??"]
[Source "SG Dortmund"]
[SourceDate "2004.12.16"]

1. e4 e5 2. Nf3 d6 3. d4 exd4 4. Nxd4 Nf6 5. Nc3 a6 6. Be2 Be7 7. O-O O-O 8.
Nf3 Nc6 9. h3 Re8 10. Re1 Bf8 11. Bd3 Bd7 12. Bd2 h6 13. Nd5 Be6 14. Nxf6+ Qxf6
15. Bc3 Ne5 16. Nxe5 dxe5 17. Qh5 Bd7 18. Re3 g6 19. Qf3 Qe6 20. b3 b5 21. Be2
c5 22. Qg3 Qe7 23. Bg4 Bxg4 24. Qxg4 b4 25. Bb2 Rad8 26. Rd1 a5 27. Red3 Rxd3
28. Rxd3 h5 29. Qd7 f6 30. Qxe7 Rxe7 31. c4 Ra7 32. Bc1 a4 33. Be3 axb3 34.
axb3 Kf7 35. Kf1 Rc7 36. Ke2 f5 37. f3 f4 38. Bf2 Be7 39. g4 hxg4 40. hxg4 Ke6
41. Kd2 Rc8 42. Ke2 {(=)} 42... Rh8 43. Kf1 Rh1+ 44. Kg2 (44. Bg1 $11) 44...
Rb1 45. Kh2 Ra1 46. Kg2 Rc1 47. Kh2 Rc3 48. Rxc3 bxc3 49. Be1 c2 50. Bd2 Bh4
51. Kg2 Be1 52. Bc1 Kf6 53. Kf1 Bb4 54. Ke2 Kg5 55. Kd3 Kh4 56. Ke2 Kg3 57. Bb2
Bc3 58. Bc1 Bd4 0-1

[Event "65. BEM 2011"]
[Site "Dortmund"]
[Date "2011.02.24"]
[Round "9.15"]
[White "Grawe, Herbert"]
[Black "Schultz, Bernfried"]
[Result "1/2-1/2"]
[WhiteElo "1457"]
[BlackElo "1692"]
[PlyCount "95"]
[EventDate "2011.??.??"]
[Source "SG Dortmund"]
[SourceDate "2004.12.16"]

1. Nc3 e6 2. e4 d5 3. e5 d4 4. Nce2 c5 5. Ng3 Nc6 6. f4 Nge7 7. Nf3 Ng6 8. d3
Be7 9. Nh5 O-O 10. Be2 f6 11. exf6 Bxf6 12. Nxf6+ Qxf6 13. f5 exf5 14. Bg5 Qf7
15. O-O Be6 16. Nd2 Qd7 17. Nb3 b6 18. Bh5 Nge5 19. h3 g6 20. Be2 Nf7 21. Bf4
Rae8 22. Nd2 Ne7 23. Nf3 Nd5 24. Qd2 Nxf4 25. Qxf4 Bd5 26. Rf2 Re3 27. Nh4 Rfe8
28. Bf3 Bxf3 29. gxf3 Re2 30. Qg3 Kh8 31. Rxe2 Rxe2 32. Kf1 Qe7 33. Ng2 Re5 34.
h4 Nh6 35. Nf4 Ng8 36. Kf2 Nf6 37. Rg1 Nd5 38. Qxg6 Qxh4+ 39. Qg3 Qxg3+ 40.
Kxg3 Nb4 41. Rh1 Kg7 42. Nh5+ Kf7 43. Kf4 Re3 44. Rg1 Nd5+ 45. Kxf5 Ne7+ 46.
Kf4 Ng6+ 47. Kg3 {(=)} 47... Re2 48. Rg2 1/2-1/2

[Event "65. BEM 2011"]
[Site "Dortmund"]
[Date "2011.02.24"]
[Round "9.16"]
[White "Duschek, Günter"]
[Black "Vogt, Christian"]
[Result "1/2-1/2"]
[WhiteElo "1609"]
[BlackElo "1376"]
[PlyCount "33"]
[EventDate "2011.??.??"]
[Source "SG Dortmund"]
[SourceDate "2004.12.16"]

1. d4 Nf6 2. Bf4 g6 3. Nf3 Bg7 4. c3 d6 5. Nbd2 Nbd7 6. e4 Nh5 7. Bg3 b6 8. a4
a5 9. Bb5 Bb7 10. Bd3 O-O 11. h4 Nxg3 12. fxg3 e5 13. g4 d5 14. O-O exd4 15.
cxd4 dxe4 16. Nxe4 Nf6 17. Nxf6+ {(=)} 1/2-1/2

[Event "65. BEM 2011"]
[Site "Dortmund"]
[Date "2011.02.24"]
[Round "9.17"]
[White "Schlepütz, Volker"]
[Black "Reineke, Tobias"]
[Result "0-1"]
[WhiteElo "1326"]
[BlackElo "1430"]
[PlyCount "77"]
[EventDate "2011.??.??"]
[Source "SG Dortmund"]
[SourceDate "2004.12.16"]

1. d4 Nf6 2. Nf3 e6 3. Bf4 b6 4. Nbd2 Bb7 5. e3 Be7 6. Bd3 d6 7. e4 Nc6 8. c3
e5 9. d5 exf4 10. dxc6 Bxc6 11. Nd4 Bd7 12. Qf3 c5 13. Nf5 Bxf5 14. exf5 O-O
15. Qxf4 d5 16. Ba6 Bd6 17. Qf3 Re8+ 18. Kf1 Qc7 19. g3 Re5 20. Nc4 Ne4 21. Re1
Rae8 22. Rxe4 Rxe4 23. Ne3 Qd7 24. Bd3 R4e5 25. Kg2 c4 26. Bc2 Qb5 27. b3 cxb3
28. Bxb3 Bc5 29. Qd1 Bxe3 30. Ba4 Qb2 31. Bxe8 Qxf2+ 32. Kh3 Qxf5+ 33. g4 Qg6
34. Bb5 Qh6+ 35. Kg2 Qf4 36. Rf1 Qe4+ 37. Rf3 h5 38. Kf1 hxg4 39. Bd3 0-1

[Event "65. BEM 2011"]
[Site "Dortmund"]
[Date "2011.02.24"]
[Round "9.18"]
[White "Dirks, Rainer"]
[Black "Müller, Carsten"]
[Result "0-1"]
[WhiteElo "1258"]
[BlackElo "1299"]
[PlyCount "104"]
[EventDate "2011.??.??"]
[Source "SG Dortmund"]
[SourceDate "2004.12.16"]

1. c4 e6 2. Nc3 Nf6 3. e4 Bb4 4. d3 h6 5. Nf3 Nc6 6. a3 Bxc3+ 7. bxc3 e5 8. g3
d6 9. h4 O-O 10. Bh3 Bxh3 11. Rxh3 b6 12. d4 exd4 13. Nxd4 Nxd4 14. Qxd4 Nxe4
15. Kf1 Re8 16. g4 Qf6 17. Qxf6 Nxf6 18. g5 hxg5 19. Bxg5 Re6 20. Bxf6 Rxf6 21.
Re1 Rf4 22. h5 Rxc4 23. h6 g6 24. Re7 Rf8 25. Rf3 Kh7 26. Rh3 g5 27. Ke2 Rc5
28. Kd2 a5 29. Kc2 Kg6 30. h7 Rh8 31. Kb3 Rxh7 32. Rxh7 Kxh7 33. Rxf7+ Kg6 34.
Rf8 b5 35. Ra8 a4+ 36. Kb4 c6 37. Rd8 Rc4+ 38. Ka5 d5 39. Rd6+ Kf5 40. Rd8 Rxc3
41. Kb4 Rc4+ 42. Ka5 g4 43. Rf8+ Ke4 44. Rg8 Kd3 45. Re8 Kc2 46. Re2+ Kd1 47.
Re6 d4 48. Rh6 d3 49. Rh1+ Ke2 50. Rh2 Kf3 51. Kb6 d2 52. Rh1 Rc1 0-1

[Event "65. BEM 2011"]
[Site "Dortmund"]
[Date "2011.02.24"]
[Round "9.19"]
[White "Völler, Lothar"]
[Black "Wangrin, Stefan A"]
[Result "0-1"]
[WhiteElo "1492"]
[BlackElo "1157"]
[PlyCount "44"]
[EventDate "2011.??.??"]
[Source "SG Dortmund"]
[SourceDate "2004.12.16"]

1. e4 e5 2. Nf3 Nc6 3. Bc4 Bc5 4. b4 Bb6 5. Ng5 Qxg5 6. d4 Qxg2 7. Rf1 Qxe4+ 8.
Be3 Nxb4 9. Bd3 Nxd3+ 10. cxd3 Qh4 11. Qe2 Bxd4 12. Na3 Bxa1 13. Nb5 Qb4+ 14.
Bd2 Qxb5 15. f4 Qb1+ 16. Kf2 Bd4+ 17. Kg2 Qb6 18. fxe5 Qg6+ 19. Kh1 b6 20. Qf3
Qc6 21. Bf4 Qxf3+ 22. Rxf3 Bb7 0-1

[Event "65. BEM 2011"]
[Site "Dortmund"]
[Date "2011.02.24"]
[Round "9.20"]
[White "Jentzsch, Werner Wilfried"]
[Black "Skoecz, Horst"]
[Result "1-0"]
[WhiteElo "1301"]
[BlackElo "1250"]
[PlyCount "111"]
[EventDate "2011.??.??"]
[Source "SG Dortmund"]
[SourceDate "2004.12.16"]

1. d4 d5 2. Nc3 Nf6 3. Bf4 c6 4. Nf3 Nbd7 5. Qd3 Qb6 6. O-O-O Nh5 7. Bg3 g6 8.
e4 Ndf6 9. e5 Ng4 10. Bh4 Bf5 11. Qd2 O-O-O 12. h3 Nh6 13. Bxe7 Bxe7 14. Qxh6
Bf8 15. Qd2 Ng7 16. g4 Be6 17. g5 Nf5 18. Bg2 h5 19. h4 Bb4 20. a3 Bxc3 21.
Qxc3 Rd7 22. Rd3 Rc7 23. Qd2 c5 24. Rb3 Qc6 25. dxc5 Rd8 26. Nd4 Nxd4 27. Qxd4
Qxc5 28. Qxc5 Rxc5 29. Bh3 Rd7 30. Bxe6 fxe6 31. Rf3 d4 32. Rf8+ Kc7 33. f4 d3
34. c3 Rc4 35. Kd2 Re4 36. Re1 Rxe1 37. Kxe1 d2+ 38. Kd1 Rd3 39. Rf6 Rh3 40.
Kxd2 Rxh4 41. Ke3 Kd7 42. Rxg6 Rh3+ 43. Ke4 b6 44. Rg7+ Kc6 45. Rxa7 Rh2 46.
Re7 Rxb2 47. Rxe6+ Kc7 48. g6 Rg2 49. Re7+ Kd8 50. Rg7 h4 51. Rh7 Rxg6 52. Rxh4
Rg3 53. Kd4 Kd7 54. Rh7+ Ke6 55. Rh6+ Kf5 56. Rf6+ 1-0

[Event "65. BEM 2011"]
[Site "Dortmund"]
[Date "2011.02.24"]
[Round "9.21"]
[White "Da Costa-Hoppe, Andreas"]
[Black "Krüger, Inge"]
[Result "0-1"]
[WhiteElo "1040"]
[BlackElo "1246"]
[PlyCount "44"]
[EventDate "2011.??.??"]
[Source "SG Dortmund"]
[SourceDate "2004.12.16"]

1. e4 e6 2. d4 d5 3. e5 c5 4. Bb5+ Bd7 5. Bxd7+ Nxd7 6. c3 cxd4 7. cxd4 f6 8.
Nf3 Bb4+ 9. Bd2 Ba5 10. O-O Ne7 11. Nc3 O-O 12. Qc2 Bc7 13. Bf4 Ng6 14. Nb5
Nxf4 15. Nxc7 Rc8 16. Rac1 Nb6 17. b3 Na8 18. exf6 Rxc7 19. Qd2 Rxc1 20. Rxc1
Qxf6 21. Ne5 Qg5 22. Qc3 Qxg2# 0-1

[Event "65. BEM 2011"]
[Site "Dortmund"]
[Date "2011.02.24"]
[Round "9.22"]
[White "Wilkins, Petra"]
[Black "Gennat, Egon L"]
[Result "0-1"]
[WhiteElo "778"]
[BlackElo "1318"]
[PlyCount "78"]
[EventDate "2011.??.??"]
[Source "SG Dortmund"]
[SourceDate "2004.12.16"]

1. d4 Nf6 2. Nf3 e6 3. c4 d5 4. c5 b6 5. b4 a5 6. Bd2 axb4 7. Bxb4 Nc6 8. Qb3
Rb8 9. a3 bxc5 10. dxc5 Bd7 11. Qc3 Ne4 12. Qc2 Nxb4 13. axb4 Rxb4 14. c6 Bc8
15. e3 Rb8 16. Bd3 Bb4+ 17. Nbd2 Nxd2 18. Nxd2 Bxd2+ 19. Qxd2 O-O 20. O-O e5
21. Bc2 Be6 22. Qe2 Qd6 23. Ba4 Rb6 24. Rfc1 f5 25. Bb5 Rfb8 26. Ra5 Qb4 27.
Ra7 Rxb5 28. Rxc7 Rc5 29. Rxc5 Qxc5 30. h3 e4 31. Qe1 Qd6 32. Ra7 Qxc6 33. Qa1
Rb7 34. Ra8+ Bc8 35. Kh2 Qd6+ 36. g3 Rc7 37. Qa4 Kf7 38. Qd1 g6 39. h4 Qc6 {
und Weiss ueberschritt die Zeit ...} 0-1

[Event "65. BEM 2011"]
[Site "Dortmund"]
[Date "2011.02.24"]
[Round "9.23"]
[White "Riepe, Markus"]
[Black "Da Costa, Pablo"]
[Result "1-0"]
[WhiteElo "839"]
[BlackElo "1083"]
[PlyCount "69"]
[EventDate "2011.??.??"]
[Source "SG Dortmund"]
[SourceDate "2004.12.16"]

1. e4 e5 2. Nf3 Nf6 3. d3 Nc6 4. c4 Bc5 5. h3 O-O 6. Be2 a6 7. Nc3 d6 8. Bg5 h6
9. Bh4 Qe7 10. Nd5 Bb4+ 11. Nd2 Qd8 12. a3 Bc5 13. b4 Ba7 14. Nf3 g5 15. Qc1
Nh7 16. Bg3 f5 17. Qd2 b5 18. Qa2 Be6 19. Rc1 fxe4 20. dxe4 bxc4 21. Qxc4 Bd7
22. Ne7+ Kg7 23. Nxc6 Bxc6 24. Qxc6 Rf7 25. Qxa6 Bxf2+ 26. Kxf2 Rxa6 27. Bxa6
Qa8 28. Bc4 Re7 29. Rc3 Nf6 30. Nd2 Re8 31. Bd3 Rf8 32. Rxc7+ Kh8 33. Ke3 d5
34. Bxe5 Qd8 35. Rf1 1-0